Guess the One Direction song with no hints #2 - Statistics

General Stats
  • This quiz has been taken 103 times
  • The average score is 159 of 245
Answer Stats
Answer % Correct
a
100%
I
97%
you,
96%
you
96%
the
93%
do
88%
do)
88%
me,
88%
and
86%
And
86%
(And
86%
on
86%
be
84%
my
84%
win
78%
I'm
76%
of
74%
can't
73%
It's
73%
it's
73%
baby,
72%
Yeah,
70%
so
69%
mind
68%
way
68%
I've
65%
this
65%
up
65%
got
61%
all
59%
gonna
59%
out
59%
Cause
55%
('Cause
55%
think
55%
were
55%
time
54%
nobody
53%
been
51%
give
51%
inside
50%
lose
50%
Something
50%
something
50%
feeling
49%
loves
49%
long,
47%
long
47%
won't
47%
deep
45%
fireproof
43%
than
43%
change
42%
knows
39%
luck
39%
til
39%
burning
35%
maybe
35%
taking,
35%
taking
35%
roll
34%
Hotter
28%
jet
28%
saves
28%
stream
28%
must
26%
Ridin'
23%
wind
23%
(Ah)
20%
(Ah),
20%
No matching quizzes found
Score Distribution
Percent of People with Each Score
Percentile by Number Answered
Your Score History
You have not taken this quiz